000 01200nam a2200301 i 4500
003 EG-GICUC
005 20260121101223.0
008 251115s2002 ua ||||fr|||| 00| 0 ara d
040 _a EG-GICUC
_bara
_c EG-GICUC
_d EG-GICUC
_erda
041 0 _hara
082 0 4 _221
_a345.2
_bم ح . ت
092 0 4 _221
099 _aLaw1 07 345.2 م ح . ت 2002
100 0 _aمحمد باهي أبو يونس
_eمؤلف.
245 1 2 _aالتنظيم القانوني لحرية الحصول على الوثائق الإدارية في التشريع الفرنسي /
_cالدكـتور محمد باهي أبو يونس.
264 1 _aالأسكـندرية :
_bدار الجامعة الجديدة للنشر ،
_c2002.
300 _a175 صفحة ؛
_c24 سم.
336 _2rda content
_atext
337 _2rda media
_aComputer
338 _2rda carrier
_aOnline Resource
490 _aالمكتبة القانونية
504 _aيشتمل على إرجاعات ببليوجرافية
546 _aالنص باللغة العربية
650 1 _aالقانون الإداري
856 4 0 _uhttps://fll.law.cu.edu.eg/fulltext/bks/B07-00701.pdf
905 _a33
942 _2ddc
_cBK
_e21
_n0
999 _c43339
_d43339